Applied mathematics (Record no. 337)

MARC details
000 -LEADER
fixed length control field 00448 a2200169 4500
001 - CONTROL NUMBER
control field 066152
003 - CONTROL NUMBER IDENTIFIER
control field OSt
005 - DATE AND TIME OF LATEST TRANSACTION
control field 20210915121522.0
008 - FIXED-LENGTH DATA ELEMENTS--GENERAL INFORMATION
fixed length control field
082 ## - DEWEY DECIMAL CLASSIFICATION NUMBER
Classification number 510
Item number M27A
100 1# - MAIN ENTRY--PERSONAL NAME
Personal name Mahan, Gerald Dennis
245 1# - TITLE STATEMENT
Title Applied mathematics
Statement of responsibility, etc by Gerald Dennis Mahan
260 ## - PUBLICATION, DISTRIBUTION, ETC. (IMPRINT)
Place of publication, distribution, etc New York
Name of publisher, distributor, etc Springer
Date of publication, distribution, etc 2008
300 ## - PHYSICAL DESCRIPTION
Extent 368p.
690 ## - LOCAL SUBJECT ADDED ENTRY--TOPICAL TERM (OCLC, RLIN)
Topical term or geographic name as entry element Mathematics; Physics; Surfaces (Physics); Engineering
942 ## - ADDED ENTRY ELEMENTS (KOHA)
Source of classification or shelving scheme Dewey Decimal Classification
Koha item type Books
Holdings
Withdrawn status Lost status Source of classification or shelving scheme Damaged status Not for loan Collection code Home library Current library Date acquired Source of acquisition Cost, normal purchase price Full call number Barcode Date last seen Price effective from Koha item type
    Dewey Decimal Classification     General Text Book Central University Of Rajasthan Central University Of Rajasthan 07/03/2012 MTH 695.00 510 M27A 438 21/11/2024 02/09/2020 Books